Bookkeeping and Accounting (Record no. 81174)

MARC details
000 -LEADER
fixed length control field 00925nam a2200193 a 4500
008 - FIXED-LENGTH DATA ELEMENTS--GENERAL INFORMATION
fixed length control field 130408s2012 ||||||||||||||||| || u
020 ## - INTERNATIONAL STANDARD BOOK NUMBER
International Standard Book Number 9781444158748
050 ## - LIBRARY OF CONGRESS CALL NUMBER
Classification number HF 5635 Mas
100 ## - MAIN ENTRY--PERSONAL NAME
Personal name Mason, Roger
245 10 - TITLE STATEMENT
Title Bookkeeping and Accounting
Statement of responsibility, etc. by Roger Mason
260 ## - PUBLICATION, DISTRIBUTION, ETC.
Place of publication, distribution, etc. London:
Name of publisher, distributor, etc. Hodder Education
Date of publication, distribution, etc. 2012
300 ## - PHYSICAL DESCRIPTION
Extent 121p.: ill.
490 ## -
-- Teach yourself
650 #0 - SUBJECT ADDED ENTRY--TOPICAL TERM
Topical term or geographic name entry element ACCOUNTING--HANDBOOKS, MANUALS, ETC
650 ## - SUBJECT ADDED ENTRY--TOPICAL TERM
Topical term or geographic name entry element BOOKKEEPING
995 ## -
-- MAIN LIBRARY OPEN ACCESS
-- 743683
-- CBU-MAIN LIBRARY (Kitwe)
-- HF 5635 Mas
-- 2
-- AVAILABLE
-- Jun 17, 2013
-- 743683
-- Main Library Open Access Collection
995 ## -
-- MAIN LIBRARY OPEN ACCESS
-- 743682
-- CBU-MAIN LIBRARY (Kitwe)
-- HF 5635 Mas
-- 1
-- AVAILABLE
-- Jun 17, 2013
-- 743682
-- Main Library Open Access Collection
995 ## -
-- MAIN LIBRARY OPEN ACCESS
-- 743684
-- CBU-MAIN LIBRARY (Kitwe)
-- HF 5635 Mas
-- 3
-- AVAILABLE
-- Jun 17, 2013
-- 743684
-- Main Library Open Access Collection
999 ## -
-- 81174
-- 81174
Holdings
Withdrawn status Lost status Source of classification or shelving scheme Damaged status Not for loan Permanent Location Current Location Shelving location Date acquired Total Checkouts Full call number Barcode Date last seen Copy number Price effective from Koha item type
          CBU-MAIN LIBRARY, KITWE. CBU-MAIN LIBRARY, KITWE.   07/19/2023   HF 5635 Mas 743683 07/19/2023 1 07/19/2023 MONOGRAPH
          CBU-MAIN LIBRARY, KITWE. CBU-MAIN LIBRARY, KITWE.   07/19/2023   HF 5635 Mas 743682 07/19/2023 2 07/19/2023 MONOGRAPH
          CBU-MAIN LIBRARY, KITWE. CBU-MAIN LIBRARY, KITWE.   07/19/2023   HF 5635 Mas 743684 07/19/2023 3 07/19/2023 MONOGRAPH